| 000 | 00589nam a2200193Ia 4500 | ||
|---|---|---|---|
| 003 | GCL | ||
| 008 | 140319s9999 xx 000 0 ara d | ||
| 040 |
_aGCL / _cGCL |
||
| 082 | 0 | 4 |
_a843 _bس ك |
| 100 | 1 | _aخليل صابات | |
| 245 | 1 | 0 |
_aالكلمات / _cخليل صابات |
| 700 | 1 | _aسارتر ، جان بول | |
| 260 |
_aالقاهرة : _bدار شرقيات للنشر ، _c1966 |
||
| 300 |
_a223 ص ؛ _c26 سم |
||
| 650 | 0 | 4 | _aالتراجم الذاتية |
| 650 | 0 | 4 | _aسارتر، جان بول |
| 650 | 0 | 4 | _aالادباء الفرنسيون |
| 942 |
_2ddc _cBK |
||
| 999 |
_c47277 _d47277 |
||